LEADER 04771nam 2200661 450 001 9910465560003321 005 20200520144314.0 010 $a0-8146-8019-4 035 $a(CKB)3710000000725010 035 $a(EBL)4546307 035 $a(SSID)ssj0001464178 035 $a(PQKBManifestationID)12643994 035 $a(PQKBTitleCode)TC0001464178 035 $a(PQKBWorkID)11453330 035 $a(PQKB)10335170 035 $a(MiAaPQ)EBC4546307 035 $a(OCoLC)966885240 035 $a(MdBmJHUP)muse55004 035 $a(Au-PeEL)EBL4546307 035 $a(CaPaEBR)ebr11232229 035 $a(CaONFJC)MIL750513 035 $a(OCoLC)904789552 035 $a(EXLCZ)993710000000725010 100 $a20160803h20132013 uy 0 101 0 $aeng 135 $aur|n|---||||| 181 $ctxt 182 $cc 183 $acr 200 00$aSharing peace $eMennonites and Catholics in conversation /$feditrd by Gerald W. Schlabach and Margaret R. Pfeil ; foreword by Msgr. John A. Radano 210 1$aCollegeville, Minnesota :$cLiturgical Press,$d2013. 210 4$d©2013 215 $a1 online resource (254 p.) 300 $a"A Michael Glazier book." 311 $a0-8146-8017-8 320 $aIncludes bibliographical references. 327 $aHalf Title Page; Title Page; Copyright; Contents; Foreword by Msgr. John A. Radano; Preface; Part 1: The Significance of Called Together to Be Peacemakers; Chapter 1 "Christian Peacebuilding: The Growing Edge of the Catholic-Mennonite Conversation" by Scott Appleby; Incorporating the Experiences and Insights of Peacebuilders; The Growing Edge for Catholics; The Growing Edge for Mennonites; Conclusion; Chapter 2 Response to Scott Appleby's "Christian Peacebuilding: The Growing Edge of the Catholic-Mennonite Conversation" by Helmut Harder 327 $aChapter 3 "The Significance of the Mennonite-Catholic Dialogue: A Mennonite Perspective" by Alan KreiderWhy Now?; So What?; Difficulties; Hope; Chapter 4 "The Significance of the Mennonite-Catholic Dialogue: A Catholic Perspective" by Drew Christiansen, SJ; Significance of the Dialogue: An Exchange of Gifts; Confronting History; Confessing Religious Coercion; Styles of Peacemaking; Part 2: Considering History Together; Chapter 5 "Rightly Remembering as Re-Membering" by John D. Roth; Purification of Memories; "Considering History Together"; Baptism 327 $aAnabaptist Divisiveness and the Question of Church UnityThe Use of Violence in Religious Matters: What Is the Price of Unity?; Competing Liturgies and the Challenge of Christian Formation; Chapter 6 "Called Together to Ressourcement" by John C. Cavadini; Suggestion: Joint Ressourcement; Example: Augustine on Church and Eucharist; Conclusion; Part 3: The Nature of the Church; Chapter 7 "The Vine That Nourishes the Peace Church" by C. Arnold Snyder; Images of the Church-Concurrence and Shift; Strengths and Weaknesses; Conclusions; Chapter 8 "A People Set Apart" by Mary Doak; A Timely Document 327 $aA Common EcclesiologyDifferences: Christological and Eschatological Theologies of Peace; Differences: Magisterium and Mission; Conclusion; Part 4: Sacraments and Ordinances; Chapter 9 "'This Is My Body': The Real Presence of Christ in the Eucharist and the Call to Be Peacemakers" by Elizabeth T. Groppe; Roman Catholic Eucharistic Theology; The Eucharist and the Practice of Peacemaking; Becoming What We Receive; 1. Making Explicit the Nonviolence of Christ within the Eucharistic Prayer; 2. Contextualizing the Sacrifice of the Eucharist in the Nonviolent Practice of Christ 327 $a3. Incorporating Lamentation into our Eucharistic Prayers4. Integrating Contemplation and Nonviolent Action in Catholic Formation; Conclusion; Chapter 10 "Surprising, Widening Sacramentality in the Anabaptist-Mennonite Tradition" by Thomas Finger; Comprehensive Sacramentality; A Catholic Orientation; A Mennonite Orientation; Sacramentality and the Church; Particular sacraments; Baptism; Eucharist; Sacraments and Eschatology; Part 5: Our Commitment to Peace 327 $aChapter 11 "Pax Christi and the Gospel of Peace: Making the Case for the Abolition of War in the Twenty-First Century" by Bishop Gabino Zavala 606 $aInterdenominational cooperation 606 $aPeace$xReligious aspects$xChristianity 608 $aElectronic books. 615 0$aInterdenominational cooperation. 615 0$aPeace$xReligious aspects$xChristianity. 676 $a280.042 702 $aSchlabach$b Gerald W. 702 $aPfeil$b Margaret 702 $aRadano$b John A. 801 0$bMiAaPQ 801 1$bMiAaPQ 801 2$bMiAaPQ 906 $aBOOK 912 $a9910465560003321 996 $aSharing peace$92481929 997 $aUNINA LEADER 05257nam 2200613 a 450 001 9910145283203321 005 20230721030525.0 010 $a1-281-23728-0 010 $a9786611237288 010 $a0-470-22675-7 010 $a0-470-22674-9 035 $a(CKB)1000000000400033 035 $a(EBL)333746 035 $a(OCoLC)437202669 035 $a(SSID)ssj0000139273 035 $a(PQKBManifestationID)11146838 035 $a(PQKBTitleCode)TC0000139273 035 $a(PQKBWorkID)10011244 035 $a(PQKB)10747163 035 $a(MiAaPQ)EBC333746 035 $a(Au-PeEL)EBL333746 035 $a(CaPaEBR)ebr10226716 035 $a(CaONFJC)MIL123728 035 $a(EXLCZ)991000000000400033 100 $a20070612d2008 uy 0 101 0 $aeng 135 $aur|n|---||||| 181 $ctxt 182 $cc 183 $acr 200 10$aDihydrogen bonds$b[electronic resource] $eprinciples, experiments, and applications /$fVladimir I. Bakhmutov 210 $aHoboken, N.J. $cWiley-Interscience$dc2008 215 $a1 online resource (257 p.) 300 $aDescription based upon print version of record. 311 $a0-470-18096-X 320 $aIncludes bibliographical references and index. 327 $aDIHYDROGEN BONDS; CONTENTS; Preface; 1 Introduction: Weak Noncovalent Interactions; References; 2 Brief Summary of Hydrogen-Bonded Systems: Definitions and General View; 2.1 Conventional Hydrogen Bonds: Theoretical and Experimental Criteria of Hydrogen Bond Formation; 2.1.1 Energy and Geometry of Conventional Hydrogen Bonds; 2.1.2 Cooperative and Anticooperative Energy Effects in Systems with Classical Hydrogen Bonds; 2.1.3 Dynamics of Classical Hydrogen Bonds; 2.2 Nonconventional Hydrogen Bonds as a Part of Hydrogen-Bonded Systems: Definition and Classification 327 $a2.3 Difference Between Hydrogen and Chemical Bonds2.4 Concluding Remarks; References; 3 Concept of Dihydrogen Bonding; 3.1 General View: From an H(2) Molecule to a Dihydrogen Bond via a Dihydrogen Ligand; 3.2 The Nature of Dihydrogen Bonding: The Topology of Electron Density and Contributions to Total Bonding Energy; 3.3. Scalar Spin-Spin Coupling Through Dihydrogen Bonds as Evidence of Their Partly Covalent Character; 3.4 Field Effects on Dihydrogen Bonding; 3.5 Pressure Effects on Dihydrogen Bonding; 3.6 Difference Between Hydrogen and Dihydrogen Bonds; 3.7 Concluding Remarks; References 327 $a4 How to Find a Dihydrogen Bond: Experimental Criteria of Dihydrogen Bond Formation4.1 Dihydrogen-Bonded Complexes in the Solid State: X-Ray and Neutron Diffraction Evidence; 4.1.1 Topology of Electron Density in Dihydrogen-Bonded Systems from Diffraction Data; 4.2 Gas-Phase Experiments with Dihydrogen-Bonded Complexes; 4.3 Experiments with Dihydrogen-Bonded Complexes in Solutions; 4.3.1 IR Spectral Criteria for the Formation of Dihydrogen-Bonded Complexes in Solutions; 4.3.2 How to Determine the Stoichiometry of Dihydrogen-Bonded Complexes in Solution by IR Spectroscopy 327 $a4.3.3 Energy Parameters of Dihydrogen-Bonded Complexes from IR Spectra in Solution4.3.4 (1)H Nuclear Magnetic Resonance Evidence for Dihydrogen Bonding in Solution; 4.3.5 Energy Parameters of Dihydrogen Bonds in Solution from (1)H NMR; 4.4 Concluding Remarks; References; 5 Intramolecular Dihydrogen Bonds: Theory and Experiment; 5.1 Weak Intramolecular Bonding: C-H· · ·H-C in Systems with Slightly Polarized Bonds CH; 5.2 Intramolecular Dihydrogen Bonds in Solid Amino Acids: C-H Bonds as Weak Proton Acceptors; 5.3 Intramolecular Dihydrogen Bonds: C-H· · ·H-B 327 $a5.4 Intramolecular Bonds: N-H· · ·H-B and O-H· · ·H-B5.5 Intramolecular Dihydrogen Bonds in Metal Hydride Complexes; 5.5.1 Intramolecular Dihydrogen Bonds in Metal Hydride Clusters; 5.6 Connection Between Intramolecular Dihydrogen Bonding and Dehydrogenation Reactions; 5.7 Concluding Remarks; References; 6 Intermolecular Dihydrogen-Bonded Complexes: From Groups 1A-4A to Xenon Dihydrogen-Bonded Complexes; 6.1 Group 1A: Dihydrogen Bonds X-H· · ·H-Li and X-H· · ·H-Na (X = F, Cl, NH(3), CN, NC, HO, HS, ClCC, FCC, HCC) 327 $a6.2 Group 2A: Dihydrogen Bonds X-H· · ·H-Mg and X-H· · ·H-Be (X = F, Cl, Br, NH(3), NNN, CN, NC, ClCC, FCC, HCC, CH(3)CC, F(2)Be, FKr, FAr) 330 $aThis definitive reference consolidates current knowledge on dihydrogen bonding, emphasizing its role in organizing interactions in different chemical reactions and molecular aggregations. After an overview, it analyzes the differences between dihydrogen bonds, classical hydrogen bonds, and covalent bonds. It describes dihydrogen bonds as intermediates in intramolecular and intermolecular proton transfer reactions. It describes dihydrogen bonding in the solid-state, the gas phase, and in solution. This is the premier reference for physical chemists, biochemists, biophysicists, and chemical engi 606 $aDihydrogen bonding 615 0$aDihydrogen bonding. 676 $a541/.226 700 $aBakhmutov$b Vladimir I$0288384 801 0$bMiAaPQ 801 1$bMiAaPQ 801 2$bMiAaPQ 906 $aBOOK 912 $a9910145283203321 996 $aDihydrogen bonds$92273195 997 $aUNINA